000 00624nam a2200229Ia 4500
003 OSt
005 20220923230532.0
006 a|||||r|||| 00| 0
007 ta
008 Pun
024 _a282,986
037 _cTextual
040 _aARTS
_cARTS
_bPun
041 _2Pun
_aPun
082 _aO153,3NKA3,PD, M0
100 _aਕੰਗ, ਗੁਰਮੇਜ ਸਿੰਘ
245 0 _aਪ੍ਰੀਤ ਦੇ ਹਾਕਮ
260 _c1980
650 _aਪੰਜਾਬੀ ਸਾਹਿਤ
942 _hO153,3NKA3,PD, M0
_cTEXL
_2CC
999 _c385530
_d385530